उत्तराखंड की थारु जनजाति के लोक साहित्य का भाषिक एवं सामाजिक अध्ययन (Record no. 38504)
[ view plain ]
| 000 -LEADER | |
|---|---|
| fixed length control field | 01091nam a2200169 4500 |
| 082 ## - DEWEY DECIMAL CLASSIFICATION NUMBER | |
| Classification number | RP.0373 |
| 100 ## - MAIN ENTRY--AUTHOR NAME | |
| Personal name | पोखरिया , देवसिंह |
| Affiliation | कुमाऊँ विश्वविद्यालय |
| Place | अल्मोड़ा - उत्तराखंड |
| 245 ## - TITLE STATEMENT | |
| Title | उत्तराखंड की थारु जनजाति के लोक साहित्य का भाषिक एवं सामाजिक अध्ययन |
| Statement of responsibility, etc | / देवसिंह पोखरिया |
| 246 ## - VARYING FORM OF TITLE | |
| Title proper/short title | uttaraakhand kee thaaru janajaati ke lok saahity ka bhaashik evan saamaajik adhyayan |
| 260 ## - PUBLICATION, DISTRIBUTION, ETC. (IMPRINT) | |
| Place of publication | अल्मोड़ा - C : |
| Name of publisher/Sponsor | कुमाऊँ विश्वविद्यालय , |
| Year of publication | 2017 |
| 300 ## - PHYSICAL DESCRIPTION | |
| Number of Pages | 303p. |
| 536 ## - FUNDING INFORMATION NOTE | |
| Funding Agency | Indian Council of Social Science Research (ICSSR) |
| 546 ## - LANGUAGE NOTE | |
| Language note | Hindi |
| 650 ## - SUBJECT ADDED ENTRY--TOPICAL TERM | |
| Topical Term | लोक साहित्य |
| Form subdivision | समाज शास्त्र |
| General subdivision | भाषिक अध्ययन |
| Geographic subdivision | उत्तराखंड |
| 650 ## - SUBJECT ADDED ENTRY--TOPICAL TERM | |
| Topical Term | Folk literature |
| Form subdivision | Linguistic and social study |
| General subdivision | Literature |
| Geographic subdivision | Uttrakhand |
| 942 ## - ADDED ENTRY ELEMENTS (KOHA) | |
| Source of classification or shelving scheme | Dewey Decimal Classification |
| Koha item type | Research Reports |
| Withdrawn status | Lost status | Damaged status | Not for loan | Collection code | Home library | Current library | Date acquired | Source of acquisition | Full call number | Accession Number | Price effective from | Koha item type |
|---|---|---|---|---|---|---|---|---|---|---|---|---|
| Not For Loan | Major Research Project Reports | NASSDOC Library | NASSDOC Library | 21/06/2023 | Major Research Report Division | RP.0373 | 53723 | 21/06/2023 | Research Reports |
